000
00328nam a22001217a 4500
040
_c
SK
082
_a
631
100
_a
ជួង សុផល
245
_a
Principes et fonctionnement des ecosystemes cultives en semis direct sur couverture vegetale permanente
260
_a
RUA
_b
ជួង
_c
2009
300
_a
16p.
942
_c
EK
999
_c
9507
_d
9507